| 000 | 00000nam##2200000za#4500 |
| 001 | 9.681015 |
| 003 | CaOODSP |
| 005 | 20200330065611 |
| 007 | ta |
| 008 | 150407|2000||||xxc||||| f|0| 0 fre|d |
| 020 | |a0-662-84293-6 |
| 040 | |aCaOODSP|bfre |
| 043 | |an-cn--- |
| 086 | 1 |aH22-21/52-2000F |
| 110 | 1 |aCanada.|bDéveloppement des ressources humaines Canada. |bProgrammes de la sécurité de revenu. |
| 245 | 10|aRésumé: Accord de sécurité sociale entre le Canada et la Grèce : |bjanvier 2000 |
| 260 | |aOttawa - Ontario : |bDéveloppement des ressources humaines Canada. |c2000. |
| 300 | |avi, 26p. ; |c22 cm. |
| 563 | |aCouverture souple |
| 590 | |a00-24|b2000-06-16 |
| 691 | 07|aSécurité du revenu|2gcpds |
| 691 | 07|aPension|2gcpds |
| 775 | 08|tSummary: Social Security Agreement between Canada and Greece : |w(CaOODSP)9.647604 |
| 776 | 0#|tAccord sur la sécurité sociale entre le Canada et la République hellénique |w(CaOODSP)9.640981 |
| 986 | |aISPB-280-01-00F |